| 000 | 00837nam a2200241 i 4500 | ||
|---|---|---|---|
| 001 | 57370 | ||
| 003 | ES-MaACL | ||
| 005 | 20250717124108.0 | ||
| 007 | t| | ||
| 008 | 031016s1910 sp ||||1| spa d | ||
| 100 | 1 |
_aDorado Montero, Pedro, _d1861-1919 _945376 |
|
| 245 | 1 | 3 |
_aLa psicología criminal en nuestro derecho legislado / _cpor P. Dorado. |
| 250 | _a2ª ed. corr. y aum. | ||
| 260 |
_aMadrid : _bHijos de Reus, _c1910. |
||
| 300 |
_a358 p. ; _c22 cm. |
||
| 530 | _aDisponible en formato digital. | ||
| 650 | 4 |
_aDelincuentes- _xPsicología. _911556 |
|
| 650 | 0 | 0 |
_aResponsabilidad penal. _916869 |
| 852 |
_aES-MaACL _jB-5358 _cSPB _zRevisado enlace: 17 de julio de 2025 |
||
| 856 | 4 |
_uhttp://bdh-rd.bne.es/viewer.vm?id=0000206417&page=1 _yBiblioteca Digital Hispánica |
|
| 942 | _2udc | ||
| 999 |
_c57370 _d57370 |
||